[Event "Vesterhavsturneringen 2004"]
[Site "Esbjerg"]
[Date "2004.07.04"]
[Round "3"]
[White "Krabbe, Daniel"]
[Black "Petersen, Tom Petri"]
[Result "0-1"]
[WhiteElo "2044"]
[BlackElo "2202"]
[PlyCount "56"]
[EventDate "2004.??.??"]
[EventType "swiss"]
[EventRounds "9"]
[EventCountry "DEN"]

1. d4 Nf6 2. c4 g6 3. Nc3 Bg7 4. e4 d6 5. Nf3 O-O 6. Be2 e5 7. O-O Nc6 8. d5
Ne7 9. Ne1 Nd7 10. Nd3 f5 11. f3 Nf6 12. Bd2 f4 13. c5 g5 14. cxd6 cxd6 15. Nf2
Ng6 16. Rc1 Rf7 17. h3 Nh5 18. Nh1 Bf8 19. a4 Nh4 20. Re1 Ng3 21. Kh2 g4 22.
fxg4 Nxe2 23. Rxe2 f3 24. gxf3 Nxf3+ 25. Kg2 Bxg4 26. hxg4 Qh4 27. Rf2 Qh2+ 28.
Kf1 Qh3+ 0-1

[Event "Vesterhavsturneringen 2004"]
[Site "Esbjerg"]
[Date "2004.07.04"]
[Round "3"]
[White "Haagen Larsen, Hans"]
[Black "Kristensen, Jens"]
[Result "1-0"]
[WhiteElo "1714"]
[BlackElo "1689"]
[PlyCount "67"]
[EventDate "2004.??.??"]
[EventType "swiss"]
[EventRounds "9"]
[EventCountry "DEN"]

1. e4 e5 2. Nf3 Nc6 3. d4 exd4 4. Nxd4 d6 5. Bc4 Nf6 6. Nc3 Be7 7. O-O O-O 8.
f4 Bg4 9. Nf3 Qd7 10. Be3 Rae8 11. h3 Bh5 12. Qd3 Bd8 13. Bd4 a6 14. Bxf6 Bxf6
15. e5 Be7 16. Rae1 Qd8 17. g4 Bxg4 18. hxg4 Qb8 19. Kg2 Nb4 20. Qd2 Rd8 21.
Nd5 Nxd5 22. Qxd5 dxe5 23. Qxe5 Bf6 24. Qa5 c6 25. Ne5 Rd4 26. Bxf7+ Rxf7 27.
Nxf7 Kxf7 28. Qh5+ Kf8 29. Qxh7 Rd2+ 30. Kf3 Rd8 31. Qf5 Rd5 32. Qg6 Qd8 33.
Rh1 Bh4 34. Rxh4 1-0

[Event "Vesterhavsturneringen 2004"]
[Site "Esbjerg"]
[Date "2004.07.04"]
[Round "3"]
[White "Larsen, Peter"]
[Black "Sedlak, Nikola"]
[Result "1/2-1/2"]
[WhiteElo "2150"]
[BlackElo "2519"]
[PlyCount "133"]
[EventDate "2004.??.??"]
[EventType "swiss"]
[EventRounds "9"]
[EventCountry "DEN"]

1. e4 e5 2. Bc4 Nf6 3. d3 c6 4. Nf3 Be7 5. O-O d6 6. Re1 O-O 7. Bb3 Nbd7 8. c3
b5 9. d4 Bb7 10. Nbd2 c5 11. d5 g6 12. Nf1 Nh5 13. Bh6 Re8 14. Qd2 Bf8 15. a4
a6 16. axb5 axb5 17. Rxa8 Qxa8 18. Ng3 Nxg3 19. fxg3 Bxh6 20. Qxh6 c4 21. Rf1
Qa7+ 22. Kh1 f6 23. Bc2 Qa2 24. Rb1 Bc8 25. g4 Rf8 26. h3 Qa7 27. Rf1 Nc5 28.
Kh2 Qg7 29. Qh4 Rf7 30. Ra1 g5 31. Qh5 Qg6 32. Qxg6+ hxg6 33. Ra8 Rf8 34. Kg3
Bb7 35. Ra5 Ba6 36. Nd2 Rb8 37. b4 cxb3 38. Nxb3 Rb6 39. Nxc5 dxc5 40. c4 bxc4
41. Rxc5 Kf8 42. h4 gxh4+ 43. Kxh4 Rb2 44. Ba4 Ra2 45. Bd7 Ra3 46. Bc8 Bxc8 47.
Rxc8+ Kg7 48. Rc7+ Kh6 49. g5+ fxg5+ 50. Kg4 c3 51. Rc4 Ra2 52. Rxc3 Rxg2+ 53.
Rg3 Re2 54. Rh3+ Kg7 55. Kxg5 Rxe4 56. Ra3 Rf4 57. Ra7+ Rf7 58. Ra6 Rf5+ 59.
Kg4 Kh6 60. Re6 Rf4+ 61. Kg3 Re4 62. d6 Re3+ 63. Kg4 Re4+ 64. Kg3 Rd4 65. Rxe5
Rxd6 66. Ra5 g5 67. Ra8 1/2-1/2

[Event "Vesterhavsturneringen 2004"]
[Site "Esbjerg"]
[Date "2004.07.04"]
[Round "3"]
[White "Larsen, Peter Elkjaer"]
[Black "Leimand, Peter Martin"]
[Result "1-0"]
[WhiteElo "1901"]
[BlackElo "2074"]
[PlyCount "65"]
[EventDate "2004.??.??"]
[EventType "swiss"]
[EventRounds "9"]
[EventCountry "DEN"]

1. e4 e6 2. d4 d5 3. exd5 exd5 4. Bd3 c5 5. dxc5 Bxc5 6. Nf3 Nf6 7. O-O O-O 8.
Bg5 Qb6 9. Nc3 Ng4 10. Bh4 Qxb2 11. Nxd5 Nc6 12. h3 Nge5 13. Rb1 Qxa2 14. Ra1
Qb2 15. Rb1 Nxf3+ 16. Qxf3 Qd4 17. Nf6+ Kh8 18. Qh5 h6 19. Rbe1 Be7 20. Re4 Qd6
21. Nh7 Bf5 22. Qxf5 g6 23. Bxe7 gxf5 24. Bxd6 fxe4 25. Bxe4 Rfe8 26. f3 Kg7
27. Ba3 f6 28. Bb2 Ne5 29. Nxf6 Kxf6 30. f4 Ke6 31. Bxe5 Re7 32. Rd1 Rd7 33.
Bf5+ 1-0

[Event "Vesterhavsturneringen 2004"]
[Site "Esbjerg"]
[Date "2004.07.04"]
[Round "3"]
[White "Madsen, Simon Rise"]
[Black "Kallenbach, Uffe"]
[Result "1/2-1/2"]
[WhiteElo "1250"]
[BlackElo "1434"]
[PlyCount "153"]
[EventDate "2004.??.??"]
[EventType "swiss"]
[EventRounds "9"]
[EventCountry "DEN"]

1. e4 c5 2. Nf3 d6 3. Nc3 e6 4. g3 Nf6 5. Bg2 Nc6 6. d3 Be7 7. O-O O-O 8. b3
Bd7 9. Bb2 Rc8 10. Qe2 Nd4 11. Nxd4 cxd4 12. e5 dxe5 13. Ne4 Nd5 14. Rac1 f5
15. c4 Nb4 16. Nd2 Nxa2 17. Ra1 Nb4 18. Bxb7 Rb8 19. Bg2 Qc7 20. Ba3 Rf7 21.
Rfe1 Nc2 22. Bxe7 Nxa1 23. Bd6 Qxd6 24. Rxa1 Bc8 25. Nf3 Rxb3 26. Nxe5 Rc7 27.
Qh5 Qd8 28. g4 fxg4 29. Be4 g6 30. Qxg4 Qf6 31. Ra5 Rb1+ 32. Kg2 Rb2 33. Qg3
Bb7 34. Ng4 Bxe4+ 35. dxe4 Qd8 36. Nh6+ Kg7 37. Re5 Rxc4 38. Nf7 Qf6 39. Nd6
Rxf2+ 40. Kh3 Rxh2+ 41. Kxh2 Rc2+ 42. Kg1 Rc1+ 43. Kh2 Rc2+ 44. Kg1 Qf2+ 45.
Qxf2 Rxf2 46. Ne8+ Kh8 47. Ra5 Rf8 48. Nd6 Kg7 49. Rxa7+ Kh6 50. Re7 d3 51. Nc4
Rc8 52. Ne3 Rc6 53. Rd7 Rc3 54. Ng4+ Kg5 55. Ne5 Kf4 56. Nxd3+ Kxe4 57. Nf2+
Kf3 58. Rf7+ Ke2 59. Ne4 Re3 60. Rf2+ Kd3 61. Nc5+ Kd4 62. Nd7 e5 63. Nf8 Rh3
64. Kg2 Ke3 65. Ra2 Rh5 66. Ra3+ Ke2 67. Ra2+ Ke3 68. Ra7 e4 69. Re7 Rg5+ 70.
Kh3 Kd3 71. Nxh7 Rg1 72. Rd7+ Ke2 73. Kh2 Rd1 74. Rxd1 Kxd1 75. Ng5 e3 76. Kg3
Ke2 77. Nf3 1/2-1/2

[Event "Vesterhavsturneringen 2004"]
[Site "Esbjerg"]
[Date "2004.07.04"]
[Round "3"]
[White "Munch, Anders J"]
[Black "Grove, Peter"]
[Result "1-0"]
[WhiteElo "1840"]
[BlackElo "1670"]
[PlyCount "83"]
[EventDate "2004.??.??"]
[EventType "swiss"]
[EventRounds "9"]
[EventCountry "DEN"]

1. d4 Nf6 2. Bg5 Ne4 3. Bh4 c5 4. f3 Qa5+ 5. c3 Nd6 6. dxc5 Qxc5 7. Bf2 Qc7 8.
e4 Nc6 9. Na3 a6 10. Bd3 g5 11. Ne2 Bg7 12. O-O O-O 13. Ng3 b6 14. Nc2 Ne5 15.
Be2 Nec4 16. Rb1 Bb7 17. b3 Ne5 18. c4 Nc8 19. Ne3 d6 20. Nd5 Bxd5 21. cxd5 b5
22. Qd2 Nb6 23. f4 Ned7 24. Rbc1 Qb7 25. Rc6 Rfc8 26. Rfc1 Rab8 27. Bg4 Bh6 28.
Be3 Bg7 29. Qa5 e6 30. Rxc8+ Rxc8 31. Rxc8+ Qxc8 32. dxe6 fxe6 33. Bxe6+ Kf8
34. Bxb6 Qc1+ 35. Nf1 Nc5 36. Bxc5 Qxc5+ 37. Kh1 Ke7 38. Bh3 Qf2 39. Qc7+ Kf8
40. Qxd6+ Ke8 41. Bd7+ Kd8 42. Be6+ 1-0

[Event "Vesterhavsturneringen 2004"]
[Site "Esbjerg"]
[Date "2004.07.04"]
[Round "3"]
[White "Nielsen, Marianne Izaura"]
[Black "Sandbech, Ted"]
[Result "0-1"]
[WhiteElo "1617"]
[BlackElo "1613"]
[PlyCount "150"]
[EventDate "2004.??.??"]
[EventType "swiss"]
[EventRounds "9"]
[EventCountry "DEN"]

1. e4 d5 2. exd5 Qxd5 3. Nc3 Qa5 4. d4 c6 5. Nf3 Bg4 6. Be2 Nf6 7. O-O e6 8. a3
Be7 9. b4 Bxb4 10. Nb1 Bd6 11. c4 Qc7 12. h3 Bh5 13. Qb3 Nbd7 14. Nc3 O-O 15.
Be3 a6 16. Rfc1 Rab8 17. Rab1 Bf4 18. Qd1 Bxe3 19. fxe3 Bg6 20. Rb3 c5 21. Nh4
Be4 22. Nxe4 Nxe4 23. Bd3 Nef6 24. Rcb1 cxd4 25. exd4 e5 26. Qf3 b6 27. Qg3 Nh5
28. Qg5 g6 29. Nf5 exd4 30. Be2 Qf4 31. Ne7+ Kh8 32. Qxf4 Nxf4 33. Bf3 Rbe8 34.
Nd5 Nxd5 35. Bxd5 Rb8 36. Rd3 Nc5 37. Rxd4 Rfe8 38. Bf3 f5 39. Rd6 Re6 40. Rd5
Na4 41. Rb3 Rbe8 42. Rd4 Re3 43. Rbd3 Rxd3 44. Rxd3 Nb2 45. Rd6 Nxc4 46. Rc6
Ne5 47. Rxb6 Nxf3+ 48. gxf3 Re3 49. Rxa6 Rxf3 50. Kg2 Rb3 51. Ra7 h5 52. a4 g5
53. a5 Ra3 54. a6 f4 55. Ra8+ Kg7 56. Ra7+ Kf6 57. Rh7 Kg6 58. Ra7 g4 59. hxg4
hxg4 60. Ra8 Ra2+ 61. Kf1 g3 62. a7 Kg7 63. Rd8 Rxa7 64. Rd4 Rf7 65. Rd5 Kg6
66. Ra5 Rf5 67. Ra1 f3 68. Rb1 Kg5 69. Rb4 Rf4 70. Rb5+ Kg4 71. Rc5 Ra4 72. Rc1
Kh3 73. Rb1 Kh2 74. Rb2+ g2+ 75. Kf2 g1=Q+ 0-1

[Event "Vesterhavsturneringen 2004"]
[Site "Esbjerg"]
[Date "2004.07.04"]
[Round "3"]
[White "Nielsen, Nicholas Roland"]
[Black "Schandorff, Lars"]
[Result "0-1"]
[WhiteElo "2176"]
[BlackElo "2505"]
[PlyCount "46"]
[EventDate "2004.??.??"]
[EventType "swiss"]
[EventRounds "9"]
[EventCountry "DEN"]

1. e4 c5 2. Nf3 Nc6 3. d4 cxd4 4. Nxd4 Nf6 5. Nc3 e5 6. Ndb5 d6 7. Bg5 a6 8.
Na3 b5 9. Nd5 Be7 10. Nxe7 Nxe7 11. Bxf6 gxf6 12. Qf3 f5 13. exf5 Bxf5 14. Bd3
Be6 15. c3 O-O 16. Be4 Rb8 17. Nc2 f5 18. Qh3 Qd7 19. Bd3 Nd5 20. Ne3 f4 21.
Bxh7+ Kg7 22. Qh5 fxe3 23. fxe3 Nf6 0-1

[Event "Vesterhavsturneringen 2004"]
[Site "Esbjerg"]
[Date "2004.07.04"]
[Round "3"]
[White "Pedersen, Christian Kyndel"]
[Black "Andersen, Morten"]
[Result "1-0"]
[WhiteElo "2366"]
[BlackElo "2111"]
[PlyCount "75"]
[EventDate "2004.??.??"]
[EventType "swiss"]
[EventRounds "9"]
[EventCountry "DEN"]

1. Nf3 d5 2. d4 Nf6 3. c4 e6 4. Nc3 Be7 5. Bg5 O-O 6. e3 b6 7. Rc1 Ba6 8. Qa4
c5 9. Be2 dxc4 10. Bxc4 Bb7 11. dxc5 Bxc5 12. O-O a6 13. Rfd1 Qe7 14. Be2 h6
15. Bh4 Ra7 16. a3 Ba8 17. e4 Qe8 18. Qc2 Nbd7 19. Bd3 g5 20. Bg3 Nh5 21. b4
Be7 22. Qe2 Nxg3 23. hxg3 b5 24. e5 Qb8 25. Re1 Rc8 26. Bb1 Rac7 27. Rcd1 Rxc3
28. Rxd7 Bf8 29. Nxg5 R8c7 30. Rxc7 Qxc7 31. Ne4 Rxa3 32. Nf6+ Kh8 33. Qg4 Bg7
34. Ne8 f5 35. exf6 Qb7 36. fxg7+ Kg8 37. Bh7+ Kf7 38. Qxe6# 1-0

[Event "Vesterhavsturneringen 2004"]
[Site "Esbjerg"]
[Date "2004.07.04"]
[Round "3"]
[White "Pedersen, Jan"]
[Black "Kwapinski, Leszek"]
[Result "0-1"]
[WhiteElo "2393"]
[BlackElo "1785"]
[PlyCount "78"]
[EventDate "2004.??.??"]
[EventType "swiss"]
[EventRounds "9"]
[EventCountry "DEN"]

1. e4 c5 2. Nf3 d6 3. c3 Nf6 4. Bd3 Nc6 5. h3 g6 6. Bc2 Bg7 7. d3 O-O 8. a4 Qc7
9. Be3 b6 10. d4 cxd4 11. Nxd4 Bb7 12. Nb5 Qd8 13. Nd2 d5 14. exd5 Nxd5 15. Bg5
a6 16. Na3 h6 17. Be3 Nxe3 18. fxe3 Qc7 19. Qg4 Ne5 20. Qe2 Rfd8 21. O-O Rd7
22. Rad1 Rad8 23. Nb3 Rxd1 24. Rxd1 Rxd1+ 25. Bxd1 Nd7 26. Nd4 Nf6 27. Bc2 h5
28. Nf3 Bh6 29. Nc4 Bxf3 30. gxf3 Qg3+ 31. Qg2 Qe1+ 32. Kh2 Bxe3 33. Nxe3 Qxe3
34. Bb3 Kg7 35. h4 Nd7 36. Kh3 Ne5 37. Bd5 Nd3 38. Qg5 Qxg5 39. hxg5 Nf4+ 0-1

[Event "Vesterhavsturneringen 2004"]
[Site "Esbjerg"]
[Date "2004.07.04"]
[Round "3"]
[White "Petersen, Jacob"]
[Black "Roerholt, Carsten"]
[Result "0-1"]
[WhiteElo "1088"]
[BlackElo "1618"]
[PlyCount "104"]
[EventDate "2004.??.??"]
[EventType "swiss"]
[EventRounds "9"]
[EventCountry "DEN"]

1. g3 d5 2. Nf3 g6 3. Bg2 Bg7 4. c3 c5 5. O-O Nf6 6. d4 cxd4 7. Nxd4 O-O 8. Bf4
a6 9. Bxb8 Rxb8 10. Nd2 e6 11. Re1 Re8 12. e3 Bd7 13. a4 Qb6 14. Qb3 Qc7 15.
Qc2 Rec8 16. Rec1 Qd6 17. Qd1 Rc7 18. e4 Rbc8 19. Qe2 e5 20. N4f3 b5 21. exd5
Nxd5 22. Ne4 Qb6 23. a5 Qb8 24. Nd6 Rd8 25. Nxe5 Be6 26. Nexf7 Bxf7 27. Nxf7
Rxf7 28. Rd1 Nf6 29. Bc6 Rff8 30. Qe6+ Kh8 31. Rd4 Rxd4 32. cxd4 Rd8 33. d5 Qd6
34. Re1 Ng8 35. Qf7 Rf8 36. Qa7 Qf6 37. Re6 Qxb2 38. Qc5 Ne7 39. Qe3 Bd4 40.
Qe2 Bxf2+ 41. Kg2 Qxe2 42. Rxe2 Nxc6 43. dxc6 Bc5 44. Re6 Rc8 45. Kf3 Kg8 46.
Ke4 Bb4 47. c7 Bxa5 48. Rxa6 Bxc7 49. Kd5 Rb8 50. Kc6 Rb6+ 51. Rxb6 Bxb6 52.
Kxb6 b4 0-1

[Event "Vesterhavsturneringen 2004"]
[Site "Esbjerg"]
[Date "2004.07.04"]
[Round "3"]
[White "Rasmussen, Kasper Ammitzboll"]
[Black "Nilsson, Jonas Gosta"]
[Result "1/2-1/2"]
[WhiteElo "1896"]
[BlackElo "1698"]
[PlyCount "100"]
[EventDate "2004.??.??"]
[EventType "swiss"]
[EventRounds "9"]
[EventCountry "DEN"]

1. d4 Nf6 2. Nf3 g6 3. c4 Bg7 4. Nc3 d5 5. Bf4 c6 6. e3 O-O 7. Bd3 Bg4 8. h3
Bxf3 9. Qxf3 dxc4 10. Bxc4 Nbd7 11. O-O Nb6 12. Bb3 Nfd5 13. Bh2 Nxc3 14. bxc3
Nd7 15. e4 e5 16. Rfd1 Qf6 17. Qxf6 Nxf6 18. f3 exd4 19. cxd4 Rad8 20. Rac1 Bh6
21. Rc3 Bg7 22. Rcd3 h6 23. d5 cxd5 24. exd5 Nd7 25. Bd6 Rfe8 26. f4 Bf8 27.
Bc7 Rc8 28. d6 a6 29. Bd5 Nc5 30. Rg3 Kg7 31. Rc1 b6 32. Kf1 Be7 33. Rxc5 Bxd6
34. Bxd6 bxc5 35. Be5+ f6 36. Bc3 Rcd8 37. Bc4 Re4 38. Bxa6 Rxf4+ 39. Kg1 Ra4
40. Bb7 Rxa2 41. Re3 Kf7 42. Kh2 Ra7 43. Bc6 Re7 44. Rf3 Rd6 45. Bb5 h5 46. g4
hxg4 47. hxg4 g5 48. Bc4+ Kg7 49. Rf5 Re3 50. Rxg5+ Kh6 1/2-1/2

[Event "Vesterhavsturneringen 2004"]
[Site "Esbjerg"]
[Date "2004.07.04"]
[Round "3"]
[White "Rendboe, John Filip"]
[Black "Hagesaether, Torill"]
[Result "1-0"]
[WhiteElo "2235"]
[BlackElo "1980"]
[PlyCount "116"]
[EventDate "2004.??.??"]
[EventType "swiss"]
[EventRounds "9"]
[EventCountry "DEN"]

1. c4 e5 2. Nc3 Nc6 3. g3 Nf6 4. Bg2 Bc5 5. Nf3 a6 6. O-O d6 7. a3 O-O 8. d3
Bg4 9. b4 Ba7 10. h3 Bd7 11. Bg5 h6 12. Bh4 Nd4 13. g4 Kh8 14. Nxd4 Bxd4 15.
Rc1 Bc6 16. Nd5 g5 17. Bg3 Nxd5 18. cxd5 Bd7 19. Qc2 f5 20. gxf5 Bxf5 21. Qxc7
Qf6 22. e3 Bb2 23. Rcd1 Rac8 24. Qb6 h5 25. d4 h4 26. dxe5 Bxe5 27. Bxe5 Qxe5
28. e4 Bd7 29. Rc1 g4 30. hxg4 Bxg4 31. Qe3 Qg7 32. Kh2 Rxc1 33. Rxc1 Qe5+ 34.
Kg1 Rf4 35. Qc3 Qxc3 36. Rxc3 Kg7 37. f3 h3 38. fxg4 hxg2 39. Kxg2 Rxe4 40.
Rc7+ Kf6 41. Rxb7 Rxg4+ 42. Kf3 Rd4 43. Rb6 Ke5 44. Rxa6 Kxd5 45. Ke3 Rd1 46.
b5 Kc5 47. a4 d5 48. b6 Rb1 49. a5 Rb4 50. Ra8 Rb5 51. Rc8+ Kd6 52. a6 Rxb6 53.
a7 Rb3+ 54. Kd2 d4 55. a8=Q Ke5 56. Re8+ Kf4 57. Qe4+ Kg5 58. Re5+ Kf6 1-0

[Event "Vesterhavsturneringen 2004"]
[Site "Esbjerg"]
[Date "2004.07.04"]
[Round "3"]
[White "Rewitz, Poul"]
[Black "Nielsen, Erling Moller"]
[Result "1-0"]
[WhiteElo "2255"]
[BlackElo "2034"]
[PlyCount "43"]
[EventDate "2004.??.??"]
[EventType "swiss"]
[EventRounds "9"]
[EventCountry "DEN"]

1. e4 e6 2. d4 d5 3. Nc3 Bb4 4. Bd3 dxe4 5. Bxe4 Nf6 6. Bf3 c5 7. a3 Bxc3+ 8.
bxc3 Qa5 9. Ne2 cxd4 10. O-O dxc3 11. Qd6 Nbd7 12. Rb1 Qe5 13. Bf4 Qxd6 14.
Bxd6 Nd5 15. Bxd5 exd5 16. Nxc3 Nf6 17. Rfe1+ Kd7 18. Be5 Kc6 19. Nb5 Be6 20.
Nd4+ Kd7 21. Rxb7+ Ke8 22. Nxe6 1-0

[Event "Vesterhavsturneringen 2004"]
[Site "Esbjerg"]
[Date "2004.07.04"]
[Round "3"]
[White "Skovgaard, Peter Nicolai"]
[Black "Bach, Matthias"]
[Result "0-1"]
[WhiteElo "2045"]
[BlackElo "2354"]
[PlyCount "56"]
[EventDate "2004.??.??"]
[EventType "swiss"]
[EventRounds "9"]
[EventCountry "DEN"]

1. e4 c5 2. Nf3 Nf6 3. Nc3 d5 4. exd5 Nxd5 5. Bb5+ Bd7 6. Qe2 Nf6 7. Ne5 a6 8.
Bc4 e6 9. a4 Nc6 10. Nxc6 Bxc6 11. O-O Be7 12. d3 O-O 13. Re1 Qd7 14. a5 Rfe8
15. Be3 Nd5 16. Qg4 Nxe3 17. fxe3 Qc7 18. Rf1 Qe5 19. Rae1 Rad8 20. Nd1 Bd6 21.
g3 Bc7 22. c3 Bxa5 23. d4 Qe4 24. Qxe4 Bxe4 25. dxc5 Rd2 26. Re2 Red8 27. Rxd2
Rxd2 28. b4 Rg2+ 0-1

[Event "Vesterhavsturneringen 2004"]
[Site "Esbjerg"]
[Date "2004.07.04"]
[Round "3"]
[White "Sondergaard, Thomas"]
[Black "Jensen, Jan"]
[Result "1/2-1/2"]
[WhiteElo "1872"]
[BlackElo "1675"]
[PlyCount "115"]
[EventDate "2004.??.??"]
[EventType "swiss"]
[EventRounds "9"]
[EventCountry "DEN"]

1. e4 c5 2. Nc3 Nc6 3. f4 d6 4. Nf3 Nf6 5. g3 g6 6. Bg2 Bg7 7. O-O O-O 8. d3
Bg4 9. h3 Bxf3 10. Qxf3 Nd4 11. Qd1 Rc8 12. Be3 Nd7 13. f5 b5 14. Qd2 Nb6 15.
Nd1 Nc6 16. c3 b4 17. Bh6 d5 18. Bxg7 Kxg7 19. Ne3 d4 20. Ng4 Kh8 21. c4 Qd6
22. Qh6 Nd7 23. Rf4 Nce5 24. f6 Rg8 25. Nxe5 Qxe5 26. fxe7 Qxe7 27. Raf1 Ne5
28. Rh4 Rg7 29. Qd2 Rc6 30. Rhf4 Ra6 31. Ra1 g5 32. Rf5 Rgg6 33. Bf3 g4 34.
Bxg4 Nxg4 35. hxg4 Rxg4 36. Kf2 Rag6 37. Rg1 Qc7 38. Rf3 Qe7 39. Qe1 Rh6 40.
Rh1 Rf6 41. Qe2 Rgg6 42. Rh5 Rh6 43. Rf4 Qc7 44. Rxh6 Rxh6 45. Kg2 Qd7 46. Rf5
Qe7 47. Qd2 Rg6 48. Qf4 Kg7 49. b3 Ra6 50. Rg5+ Rg6 51. Rh5 h6 52. Rf5 Ra6 53.
Qf2 Rf6 54. Qf4 Rxf5 55. Qxf5 Qg5 56. Qxg5+ hxg5 57. Kf3 Kg6 58. g4 1/2-1/2

[Event "Vesterhavsturneringen 2004"]
[Site "Esbjerg"]
[Date "2004.07.04"]
[Round "3"]
[White "Sorensen, Carsten Klint"]
[Black "Johansen, Johnny Holler"]
[Result "0-1"]
[WhiteElo "1707"]
[BlackElo "1916"]
[PlyCount "60"]
[EventDate "2004.??.??"]
[EventType "swiss"]
[EventRounds "9"]
[EventCountry "DEN"]

1. e4 c5 2. Nf3 Nc6 3. d4 cxd4 4. c3 dxc3 5. Nxc3 e6 6. Bc4 a6 7. a4 Qc7 8. O-O
Nf6 9. Re1 Nb4 10. b3 Bc5 11. Be3 Bxe3 12. Rxe3 Ng4 13. Re2 O-O 14. e5 Nc6 15.
Qe1 f6 16. exf6 Nd4 17. Re4 Nxf3+ 18. gxf3 Qxh2+ 19. Kf1 Qh1+ 20. Ke2 Qxe1+ 21.
Rxe1 Nxf6 22. Rh4 d5 23. Bd3 g6 24. Rb4 Nd7 25. a5 Nc5 26. Bc2 Bd7 27. Rb6 Bc6
28. Rb4 Rad8 29. Rh4 d4 30. Ne4 d3+ 0-1

[Event "Vesterhavsturneringen 2004"]
[Site "Esbjerg"]
[Date "2004.07.04"]
[Round "3"]
[White "Sorensen, Jorn Lindved"]
[Black "Jacobsen, Per"]
[Result "1-0"]
[WhiteElo "1784"]
[BlackElo "1570"]
[PlyCount "39"]
[EventDate "2004.??.??"]
[EventType "swiss"]
[EventRounds "9"]
[EventCountry "DEN"]

1. d4 Nf6 2. c4 e5 3. dxe5 Ne4 4. a3 Nc6 5. Qc2 Nc5 6. Nf3 Qe7 7. b4 Ne6 8. Bb2
g6 9. Nc3 Ned4 10. Nxd4 Nxd4 11. Qe4 Nb3 12. Nd5 Qg5 13. f4 Qd8 14. e6 dxe6 15.
Rd1 f5 16. Qe3 Kf7 17. Nb6 Bd6 18. Nxa8 Bd7 19. Bxh8 Qxh8 20. Nxc7 1-0

[Event "Vesterhavsturneringen 2004"]
[Site "Esbjerg"]
[Date "2004.07.04"]
[Round "3"]
[White "Storgaard, Morten Swayne"]
[Black "Petersen, Martin Reib"]
[Result "1-0"]
[WhiteElo "1505"]
[BlackElo "1783"]
[PlyCount "65"]
[EventDate "2004.??.??"]
[EventType "swiss"]
[EventRounds "9"]
[EventCountry "DEN"]

1. d4 d5 2. c4 c6 3. Bf4 Nf6 4. Nf3 dxc4 5. e3 b5 6. a4 e6 7. Nc3 b4 8. Na2 c3
9. bxc3 bxc3 10. Bd3 Qa5 11. O-O Nd5 12. Be5 Nd7 13. e4 Nxe5 14. Nxe5 Nf6 15.
Nxc6 Qc7 16. Ne5 Ba3 17. Qc2 Bb2 18. Rab1 Qd6 19. Nxc3 Bxc3 20. Qxc3 O-O 21.
Rfc1 Bd7 22. Nxd7 Nxd7 23. f3 Nb6 24. Bb5 Rfd8 25. Rd1 a6 26. Bc6 Rab8 27. a5
Rdc8 28. d5 exd5 29. exd5 Nxd5 30. Rxb8 Qxb8 31. Rxd5 Qb1+ 32. Kf2 Qa2+ 33. Qd2
1-0

[Event "Vesterhavsturneringen 2004"]
[Site "Esbjerg"]
[Date "2004.07.04"]
[Round "3"]
[White "Stovring, Claus"]
[Black "Pontoppidan, Erik"]
[Result "1-0"]
[WhiteElo "1975"]
[BlackElo "1750"]
[PlyCount "47"]
[EventDate "2004.??.??"]
[EventType "swiss"]
[EventRounds "9"]
[EventCountry "DEN"]

1. e4 e5 2. Nf3 Nc6 3. Bc4 Bc5 4. c3 Nf6 5. d4 exd4 6. cxd4 Bb4+ 7. Nc3 Nxe4 8.
O-O Bxc3 9. d5 Bf6 10. Re1 Ne7 11. Rxe4 d6 12. Bg5 Bxg5 13. Nxg5 O-O 14. Nxh7
Kxh7 15. Qh5+ Kg8 16. Rh4 f5 17. Re1 Bd7 18. Re6 Be8 19. Qh7+ Kf7 20. Rhh6 Bd7
21. Be2 Rg8 22. Bh5+ Kf8 23. Rhf6+ gxf6 24. Rxf6# 1-0

[Event "Vesterhavsturneringen 2004"]
[Site "Esbjerg"]
[Date "2004.07.04"]
[Round "3"]
[White "Sulypa, Alexandre"]
[Black "Grubert, Christian"]
[Result "1-0"]
[WhiteElo "2469"]
[BlackElo "2054"]
[PlyCount "45"]
[EventDate "2004.??.??"]
[EventType "swiss"]
[EventRounds "9"]
[EventCountry "DEN"]

1. d4 d6 2. e4 Nf6 3. f3 g6 4. c4 Bg7 5. Nc3 O-O 6. Nge2 c6 7. Bg5 e5 8. d5 Qe7
9. Qd2 a5 10. O-O-O Rd8 11. g4 Na6 12. Kb1 Nc7 13. Ng3 cxd5 14. exd5 Bd7 15. h4
a4 16. h5 b5 17. c5 b4 18. cxd6 Qxd6 19. Nce4 Qb6 20. Bxf6 Bxf6 21. hxg6 fxg6
22. d6 Ne8 23. Bc4+ 1-0

[Event "Vesterhavsturneringen 2004"]
[Site "Esbjerg"]
[Date "2004.07.04"]
[Round "3"]
[White "Svendsen, Mads O"]
[Black "Andersen, Rune"]
[Result "0-1"]
[WhiteElo "1744"]
[BlackElo "2045"]
[PlyCount "52"]
[EventDate "2004.??.??"]
[EventType "swiss"]
[EventRounds "9"]
[EventCountry "DEN"]

1. e4 c5 2. Nc3 Nc6 3. g3 g6 4. Bg2 Bg7 5. d3 Nf6 6. f4 d6 7. Nf3 O-O 8. O-O
Nd4 9. h3 e5 10. fxe5 dxe5 11. Kh2 Qd6 12. Be3 h6 13. Qd2 Kh7 14. Rf2 Nh5 15.
Nh4 f5 16. exf5 gxf5 17. Raf1 Be6 18. Qd1 Nxg3 19. Kxg3 f4+ 20. Kh2 fxe3 21.
Ne4 Qe7 22. Rxf8 Rxf8 23. Rxf8 Qxh4 24. Ng3 Bxf8 25. c3 Nf5 26. Be4 Qxg3+ 0-1

[Event "Vesterhavsturneringen 2004"]
[Site "Esbjerg"]
[Date "2004.07.04"]
[Round "3"]
[White "Wilton, Lars"]
[Black "Hansen, Hans Valdemar"]
[Result "1-0"]
[WhiteElo "2125"]
[BlackElo "1763"]
[PlyCount "101"]
[EventDate "2004.??.??"]
[EventType "swiss"]
[EventRounds "9"]
[EventCountry "DEN"]

1. d4 d5 2. Nf3 Nc6 3. c4 e6 4. Nc3 Nf6 5. Bg5 Be7 6. e3 O-O 7. Rc1 h6 8. Bh4
Nh7 9. Bg3 a6 10. Bd3 Ng5 11. Nxg5 Bxg5 12. cxd5 exd5 13. Qb3 Ne7 14. Na4 b5
15. Nc5 c6 16. O-O h5 17. h3 h4 18. Be5 f6 19. Bh2 Kh8 20. Qd1 g6 21. f4 Bh6
22. Qe1 g5 23. fxg5 Bxg5 24. Qe2 Kg7 25. Bf4 Kh6 26. Qf2 Kg7 27. Qf3 Qe8 28.
Rce1 Ng6 29. Bd6 Rh8 30. e4 Qd8 31. e5 Ra7 32. Bf5 fxe5 33. dxe5 Rf7 34. Bxc8
Rxf3 35. Ne6+ Kh6 36. Nxd8 Rxf1+ 37. Kxf1 Rxd8 38. Bg4 Bf4 39. Bf5 Nh8 40. Bc5
Kg5 41. Be7+ Kxf5 42. Bxd8 Bxe5 43. Bxh4 Bxb2 44. g4+ Kf4 45. Re6 c5 46. Bf6
Bxf6 47. Rxf6+ Ke4 48. g5 Ke5 49. Rxa6 Kf5 50. Rb6 Ng6 51. Rxb5 1-0

[Event "Vesterhavsturneringen 2004"]
[Site "Esbjerg"]
[Date "2004.07.05"]
[Round "4"]
[White "Andersen, Morten"]
[Black "Munch, Anders J"]
[Result "1-0"]
[WhiteElo "2111"]
[BlackElo "1840"]
[PlyCount "51"]
[EventDate "2004.??.??"]
[EventType "swiss"]
[EventRounds "9"]
[EventCountry "DEN"]

1. e4 e6 2. d4 d5 3. Nc3 Bb4 4. e5 c5 5. a3 Bxc3+ 6. bxc3 Qc7 7. Nf3 Bd7 8. c4
Ne7 9. cxd5 exd5 10. c4 O-O 11. dxc5 dxc4 12. Bxc4 Nbc6 13. Bb2 Ng6 14. O-O Bg4
15. Qd6 Qe7 16. Qxe7 Ngxe7 17. Ng5 h6 18. Ne4 Na5 19. Ba2 Rac8 20. Bc3 Nac6 21.
Nd6 Rc7 22. Rab1 Rb8 23. Nxf7 Kf8 24. Nd6 Nd8 25. Ba5 Rxc5 26. Bxd8 1-0

[Event "Vesterhavsturneringen 2004"]
[Site "Esbjerg"]
[Date "2004.07.05"]
[Round "4"]
[White "Bach, Matthias"]
[Black "Fedorchuk, Sergey"]
[Result "0-1"]
[WhiteElo "2354"]
[BlackElo "2569"]
[PlyCount "76"]
[EventDate "2004.??.??"]
[EventType "swiss"]
[EventRounds "9"]
[EventCountry "DEN"]

1. d4 Nf6 2. c4 e6 3. Nf3 b6 4. g3 Ba6 5. Qa4 Bb7 6. Bg2 c5 7. dxc5 Bxc5 8. O-O
O-O 9. Nc3 Be7 10. Bf4 a6 11. Rfd1 d6 12. b4 Qc7 13. Rac1 Nbd7 14. Qb3 Rac8 15.
Na4 Nh5 16. Be3 Rfd8 17. b5 Ra8 18. Nd4 Bxg2 19. Kxg2 Ne5 20. f3 Rdb8 21. Rc2
Nf6 22. bxa6 Rxa6 23. Nb5 Qc6 24. Nb2 Rc8 25. a4 h6 26. Bf2 h5 27. Nd3 Qa8 28.
Nf4 Rxa4 29. Nxd6 Ra3 30. Qxb6 Rc6 31. Qb4 Ra4 32. Qb2 Rxd6 33. Rxd6 Bxd6 34.
c5 Bc7 35. Bd4 Qb8 36. Qc3 Rc4 37. Qd2 Rxc2 38. Qxc2 Qb4 0-1